Biblioteca

El Dr. Dobson contesta sus preguntas : (Registro nro. 71360)

Detalles MARC
000 -LÍDER
Campo fijo de descripción fija 01561nam a2200373 i 4500
001 - NÚMERO DE CONTROL
Campo de control 768714001
003 - IDENTIFICADOR DEL NÚMERO DE CONTROL
Campo de control CO-MdFUSB
005 - FECHA Y HORA DE LA ULTIMA TRANSACCIÓN
control field 20260429115917.0
007 - CAMPO FIJO DE DESCRIPCIÓN FIJA--INFORMACIÓN GENERAL
Campo fijo de descripción fija ta
008 - ELEMENTOS DE LONGITUD FIJA -- INFORMACIÓN GENERAL
Campo fijo de descripción fija -- Información general t1982 -us||||g |||| 00| 0 spa d
020 ## - NÚMERO INTERNACIONAL NORMALIZADO PARA LIBROS
Número Internacional Normalizado del libro 0-7899-0031-9
040 ## - FUENTE DE CATALOGACIÓN
Agencia de catalogación original CO-MdFUSB
Idioma de catalogación spa
Agencia que realiza la transcripción CO-MdFUSB
Agencia que realiza la modificación CO-MdFUSBC
Convenciones de la descripción rda
041 ## - CÓDIGO DE IDIOMA
Código de idioma para texto/pista de sonido o título separado spa
Código de idioma original eng
082 ## - NÚMERO DE CLASIFICACIÓN DECIMAL DEWEY
Número de la edición del Dewey 23
Número de clasificación 248.4
Clave de autor-Numero de item D635
100 ## - ASIENTO PRINCIPAL--NOMBRE PERSONAL
Nombre personal Dobson, James C.,
Término relacionador autor
240 ## - TITULO UNIFORME
Título uniforme <a href="Dr. Dobson answer your questions: marriage and sexuality. ">Dr. Dobson answer your questions: marriage and sexuality. </a>
245 1# - TÍTULO
Título del Material El Dr. Dobson contesta sus preguntas :
Parte restante del título - Subtitulo matrimonio y sexualidad
Mención de responsabilidad, etc. / James C. Dobson ; traducción de Luis Marauri
264 #1 - PRODUCCIÓN, PUBLICACIÓN, DISTRIBUCIÓN, MANUFACTURA, Y COPYRIGHT
Lugar de producción, publicación, distribución, manufactura Miami, Florida :
Nombre del productor, publicador, distribuidor Unilit,
Fecha de producción, publicación, distribución, manufactura, o copyright [1982]
264 #4 - PRODUCCIÓN, PUBLICACIÓN, DISTRIBUCIÓN, MANUFACTURA, Y COPYRIGHT
Fecha de producción, publicación, distribución, manufactura, o copyright ©1982
300 ## - DESCRIPCIÓN FÍSICA
Extensión 169 páginas
Dimensiones ; 20 cm
336 ## - TIPO DE CONTENIDO
Fuente rdacontent
Término de tipo de contenido texto
Código de tipo de contenido txt
337 ## - TIPO DE MEDIO
Fuente rdamedia
Nombre del tipo de medio sin mediación
Código del tipo de medio n
338 ## - TIPO DE SOPORTE
Fuente rdacarrier
Nombre del tipo de soporte volumen
Código Tipo de soporte nc
490 ## - MENCIÓN DE SERIE
Mención de serie El Dr. Dobson contesta sus preguntas
505 ## - NOTA DE CONTENIDO
Nota de contenido con formato preestablecido El amor romántico. -- Conflictos en el matrimonio. -- El ama de casa. -- El doctor Dobson habla de las familias. -- Las diferencias entre hombres y mujeres. -- El significado de la masculinidad. -- La sexualidad de los adultos. -- La homosexualidad. -- Enfrentándose a la menopausia. -- Más allá de la edad madura.
563 ## - NOTA DE ENCUADERNACIÓN
Nota de encuadernación Rústico
650 #0 - ASIENTO SECUNDARIO DE MATERIA - TERMINO TEMÁTICO
Término temático o nombre geográfico como elemento de entrada Vida cristiana
9 (RLIN) 19
650 #7 - ASIENTO SECUNDARIO DE MATERIA - TERMINO TEMÁTICO
Término temático o nombre geográfico como elemento de entrada Matrimonio
Subdivisión general Aspectos religiosos
Término temático que sigue al nombre geográfico como elemento de entrada Cristianismo
9 (RLIN) 291
653 ## - TÉRMINO DE INDIZACIÓN - NO CONTROLADO
Término no controlado Sexualidad — Aspectos religiosos — Cristianismo
653 ## - TÉRMINO DE INDIZACIÓN - NO CONTROLADO
Término no controlado Consejería familiar
700 ## - ASIENTO SECUNDARIO - NOMBRE PERSONAL
Nombre personal Marauri, Luis,
9 (RLIN) 10143
Responsabilidad traductor
942 ## - TIPO DE MATERIAL (KOHA)
Tipo de Item KOHA Libros General
945 ## - INFORMACIÓN LOCAL DEL REGISTRO
Catalogador Catherine Arias Alvarez
Existencias
Estado de Material Estado de Perdido Forma de Clasificación Estado de Dañado No para Préstamo Colección Biblioteca de Origen Biblioteca Permanente Fecha de Adquisición Área Total de Préstamos Signatura Topográfica Código de Barras Última vez visto Ejemplar/Existencia Fecha de Remplazo Tipo de Material
    Dewey Decimal Classification     Colección General Biblioteca FUSBC Biblioteca FUSBC 05/07/2025 VIDA CRISTIANA   G 248.4 D635m 25750 05/07/2025 Ej. 1 05/07/2025 Libros General

Biblioteca FUSBC | Teléfono: (57+4) 349 88 10 Ext. 141| WhatsApp (+57) 3005338115 
E-mail: biblioteca@unisbc.edu.co | Calle 76 87-14 Robledo Palenque, Medellín, Colombia

Con tecnología Koha